Cyclisme : Top 20 du Tour de Lombardie 2025 - Statistiques

Statistiques générales
  • Ce quiz a été pris 72 fois
  • Le résultat moyen est 12 sur 20
Statistiques - réponses
Position Equipe Coureur % Correct
1er UAE Team Emirates Tadej Pogacar
100%
2eme Soudal Quick Step Remco Evenepoel
98%
6eme Q36.5 Thomas Pidcock
93%
5eme UAE Team Emirates Isaac Del Toro
90%
7eme Decathlon Ag2r La Mondiale Paul Seixas
89%
3eme Tudor Michael Storer
85%
11eme UAE Team Emirates Adam Yates
72%
8eme Ineos Grenadiers Egan Bernal
70%
17eme Picnic PostNL Oscar Onley
66%
12eme Bahrain Victorious Lenny Martinez
62%
4eme Lidl Trek Quinn Simmons
59%
18eme Jayco AlUla Ben O'Connor
54%
9eme UAE Team Emirates Jay Vine
43%
13eme Cofidis Ion Izzagirre
39%
16eme Polti VisitMalta Davide Piganzoli
38%
15eme XDS Astana Christian Scaroni
36%
19eme Soudal Quick Step Mikel Landa
36%
14eme Visma Lease a Bike Ben Tulett
33%
10eme Visma Lease a Bike Cian Uijtdebroeks
23%
20eme Movistar Carlos Canal
10%
Aucun quiz correspondant
Distribution des résultats
% des personnes avec chaque résultat
Percentile par nombre de réponses
Votre historique - résultats
Vous n’avez pas pris ce quiz